000 01306nam a2200217 i 4500
001 5316
003 ES-MaACL
005 20230908151200.0
007 t|
008 900503r19901930sp b ||||1| spa d
100 1 _aGallego Herrera, Fernando.
_953571
245 1 0 _aUnion de EspaƱa con Africa
_b: [Microforma] : Proyecto definitivo /
_cpor Fernando Gallego Herrera, inventor del sistema y autor del proyecto.
260 _aMadrid :
_bAteneo Cientifico, Literario y Artistico,
_c1990.
300 _a11 microfichas :
_bnegativo.
500 _aReproduccion de ejemplar mecanografiado y 30 carpetas de planos editados por el propio autor en 1930.
505 8 _aMicroficha n. 1: Texto mecanografiado, carpetas 3 y 4 -- Microficha n. 2: Planos, carpetas 1 a 4 -- Microficha n. 3: Planos, carpetas 5 a 8 -- Microficha n. 4: Planos, carpetas 9 a 11 -- Microficha n. 5: Planos, carpetas 12 a 15 -- Microficha n. 6: Planos, carpetas 16 a 18 -- Microficha n. 7: Planos, carpetas 19 a 22 -- Microficha n. 8: Planos, carpetas 23 a 25 -- Microficha n. 9: Planos, carpetas 26 a 29 -- Microficha n. 10: Planos, carpetas 30 a 33 -- Microficha n. 11: Planos, carpetas 34 y 35
852 _aES-MaACL
_jMCF-63
_95433
_cDEPO1
942 _2udc
_cMICROFORMA
999 _c5316
_d5316